UITU Library & LRC     

Entrepreneur grow your business: (Record no. 31576)

MARC details
000 -LEADER
fixed length control field 00430nam a2200157Ia 4500
008 - FIXED-LENGTH DATA ELEMENTS--GENERAL INFORMATION
fixed length control field 250916s9999 xx 000 0 und d
020 ## - INTERNATIONAL STANDARD BOOK NUMBER
International Standard Book Number 978-1-64201-150-0
082 ## - DEWEY DECIMAL CLASSIFICATION NUMBER
Classification number 658.401 BUT
100 ## - MAIN ENTRY--PERSONAL NAME
Personal name Butow, Eric
245 #0 - TITLE STATEMENT
Title Entrepreneur grow your business:
Remainder of title scale your business for long term success
250 ## - EDITION STATEMENT
Edition statement 1st
260 ## - PUBLICATION, DISTRIBUTION, ETC.
Place of publication, distribution, etc. Irvine:
Name of publisher, distributor, etc. Entrepreneur Press,
Date of publication, distribution, etc. 2023
300 ## - PHYSICAL DESCRIPTION
Extent 163 p.
600 ## - SUBJECT ADDED ENTRY--PERSONAL NAME
Personal name Management
942 ## - ADDED ENTRY ELEMENTS (KOHA)
Koha item type Books
Holdings
Withdrawn status Lost status Damaged status Not for loan Collection Home library Current library Date acquired Source of acquisition Cost, normal purchase price Total checkouts Full call number Barcode Date last seen Cost, replacement price Price effective from Koha item type
        Managament Sciences UITU Library UITU Library 07/31/2025 A.R. Book Company 5515.45   658.401 BUT Q15951 09/16/2025 7879.21 09/16/2025 Books

Powered by Koha